01637nam a2200229Ia 4500001000400000008004100004010000800045041001400053082002100067245013600088260001800224300000700242520000700249630002700256630003000283630001600313630001600329650002700345700003200372700003000404520097300434967241029s9999 xx 000 0 und d a887 aEspañol aTPG MCE 21 2005 0aEstrategia educativa para fomentar el valor de la honestidad en los estudiantes de la carrera de Publicidad de la Universidad APEC. aSanto Domingo a96 a18 aEducación en Valores aEstrategia de Aprendizaje aEstudiantes aFormación aEducación en Valores easesoraMena Campos, Alodio eautoraDiaz, Flor María aLa presente investigación aborda la problemática de la formación en valores en la carrera de Publicidad en UNAPEC. Su objetivo está dirigido a elaborar una estrategia educativa que permitiría con su aplicación fomentar el proceso de formación del valor de la honestidad en dicha carrera para la confección de presupuestos publicitarios.   En función de tal objetivo, se emplearon métodos y técnicas que incluyeron el trabajo con las fuentes documentales, los cuestionarios, los test. Los resultados se concretan en una estrategia educativa que permita involucrando a estudiantes, profesores, especialistas y a los padres de los estudiantes, desde una posición activa, lo que no tiene precedentes en el contexto de UNAPEC. Por lo cual, además de favorecer la preparación y formación de valores en los involucrados. A su vez, puede repercutir en el empleo de procedimientos equivalentes en contextos similares de otras carreras.